LEADER 01046nam a2200229 i 4500 001 000000144057 003 CaOOAMICUS 005 20051019000000.0 008 051019s1942 it u000 u ita u 013 $a119415 040 $aSeMil$bita 100 1 $aGaggero, Rosetta.$0(OLS)http://semarc/name/57661 245 13$aLa bianca madre :$bsanta Maria Eufrasia Pelletier fondatrice delle suore del Buon Pastore /$cProf. Rosetta Gaggero. 260 $aTorino :$bSEI,$cstampa 1942. 300 $a143 p., [1] p. di ritratto ;$c18 cm. 500 $aContiene : Appendice. 650 4$aMaria : di S. Eufrasia (Rosa Virginia Pelletier) .$0(OLS)http://semarc/subject/5292 850 $aSeMil 852 $aSeMil$W1$xVenegono$y1$m54 165 *$j97032$B97032$CSeMilBibl$Z2$F104692 $81 961 $aRecupero: Biblioteca Seminario Saronno 996 $6245$aLa bianca madre :$bsanta Maria Eufrasia Pelletier fondatrice delle suore del Buon Pastore$9(OLS)http://semarc/title/210721 996 $6260$aTorino :$bSEI$9(OLS)http://semarc/publisher/29848 LEADER 01350nam a2200301 i 4500 001 000000038741 003 CaOOAMICUS 005 20100427000000.0 008 100427s1992 it u000 u ita u 013 $a9349 020 $a88-7030-653-4 040 $aSeMil$bita 100 1 $aColombo, Giovanni,$c.$0(OLS)http://semarc/name/1549 245 10$aSorelle e madri :$bdiscorsi alle suore /$cGiovanni Colombo ; presentazione [di] Eduardo Martinez Somalo. 260 $aMilano :$bMassimo,$ccopyr. 1992. 300 $a148 p., 11 c. di tav. ;$c20 cm. 490 0 $aSussidi pastorali e liturgici ;$v53 500 $aDalla biblioteca del card. Giovanni Colombo. 650 4$aVescovi - Predicazione.$0(OLS)http://semarc/subject/5366 700 1 $aMartinez Somalo, Eduardo,$c.$0(OLS)http://semarc/name/18652 830 0$aSussidi pastorali e liturgici ;$v53.$0(OLS)http://semarc/title/10541 850 $aSeMil 852 $aSeMil$W1$xVenegono$y1$m2F III 237$j4896$B4896$CSeMilBibl$Z2$F4896 $81 941 1 $a3 961 $aOmaggio: Colombo Card. Giovanni 996 $6020$a88-7030-653-4$9(OLS)http://semarc/number/8123 996 $6245$aSorelle e madri :$bdiscorsi alle suore$9(OLS)http://semarc/title/54831 996 $6260$aMilano :$bMassimo$9(OLS)http://semarc/publisher/30297